[Event "BAN Games 9th"]
[Site "Dhaka"]
[Date "2021.04.07"]
[Round "4.3"]
[White "Subrota, Biswas"]
[Black "Md Shahidul, Islam"]
[Result "1-0"]
[WhiteElo "2256"]
[BlackElo "1720"]
[PlyCount "111"]
[EventDate "2021.04.04"]
[EventType "team-swiss"]
[EventRounds "5"]
[EventCountry "BAN"]
[SourceTitle "CBM 202 Extra"]
[Source "ChessBase"]
[SourceDate "2021.07.31"]
[SourceVersion "1"]
[SourceVersionDate "2021.07.31"]
[SourceQuality "1"]
[WhiteTeam "Bangladesh Navy"]
[BlackTeam "Rajshahi Division"]
[WhiteTeamCountry "BAN"]
[BlackTeamCountry "BAN"]

1. e3 b6 2. e4 e5 3. Nf3 d6 4. d4 exd4 5. Bc4 Be7 6. c3 Nf6 7. cxd4 Bb7 8. e5 dxe5 9. Nxe5 0-0 10. 0-0 Nc6 11. Be3 Nxe5 12. dxe5 Qxd1 13. Rxd1 Ng4 14. e6 f6 15. Bf4 Rfd8 16. Nc3 Ne5 17. Bxe5 fxe5 18. Re1 Rd4 19. Bb3 e4 20. Re2 a6 21. Rae1 Rad8 22. Nxe4 Bxe4 23. Rxe4 Rxe4 24. Rxe4 Kf8 25. Re2 Bf6 26. f4 Ke7 27. Kf2 c5 28. Bc2 g6 29. f5 Bxb2 30. fxg6 Bd4+ 31. Kf3 hxg6 32. Bxg6 b5 33. h4 a5 34. h5 a4 35. h6 b4 36. Bc2 Ra8 37. h7 b3 38. axb3 axb3 39. Bxb3 Ra3 40. Re3 c4 41. Ke4 Ra8 42. Kxd4 cxb3 43. Rxb3 Kxe6 44. Rh3 Rh8 45. Ke4 Kf6 46. Kf4 Kg6 47. Kg4 Kf6 48. Rh6+ Kg7 49. Kg5 Kf7 50. Ra6 Rxh7 51. Ra7+ Kg8 52. Rxh7 Kxh7 53. Kf6 Kh6 54. g4 Kh7 55. g5 Kg8 56. Kg6 1-0

[Event "BAN Games 9th"]
[Site "Dhaka"]
[Date "2021.04.04"]
[Round "1.3"]
[White "Md Shahidul, Islam"]
[Black "Rahman, Tahmidur"]
[Result "0-1"]
[WhiteElo "1720"]
[BlackElo "2189"]
[PlyCount "128"]
[EventDate "2021.04.04"]
[EventType "team-swiss"]
[EventRounds "5"]
[EventCountry "BAN"]
[SourceTitle "CBM 202 Extra"]
[Source "ChessBase"]
[SourceDate "2021.07.31"]
[SourceVersion "1"]
[SourceVersionDate "2021.07.31"]
[SourceQuality "1"]
[WhiteTeam "Rajshahi Division"]
[BlackTeam "Bangladesh Biman"]
[WhiteTeamCountry "BAN"]
[BlackTeamCountry "BAN"]

1. e4 c5 2. Nf3 Nc6 3. d4 cxd4 4. Nxd4 Nf6 5. Nc3 e6 6. Nxc6 bxc6 7. e5 Nd5 8. Nxd5 cxd5 9. Be3 Rb8 10. Bd4 Qg5 11. g3 h5 12. h4 Qd8 13. Be2 Qa5+ 14. Qd2 Qc7 15. c3 Bc5 16. b4 Bxd4 17. Qxd4 Qb6 18. Qxb6 Rxb6 19. a3 Ke7 20. Kd2 Ba6 21. Bxa6 Rxa6 22. Rhc1 Rc8 23. a4 Rac6 24. Ke3 d6 25. f4 dxe5 26. fxe5 Rc4 27. a5 Rg4 28. Rg1 Rgc4 29. Rgc1 Kd7 30. b5 Rb8 31. Rcb1 Rg4 32. b6 Rxg3+ 33. Kd2 axb6 34. axb6 Kc6 35. Ra7 Rxb6 36. Rxb6+ Kxb6 37. Rxf7 g5 38. Rh7 gxh4 39. Rxh5 h3 40. Rh6 Rg2+ 41. Kd3 Rg3+ 42. Kd4 Rg4+ 43. Kd3 Kc5 44. Rxh3 Rg5 45. Re3 Rh5 46. Ke2 Kc4 47. Kd2 Rh2+ 48. Kc1 Kb3 49. Kd1 Kb2 50. Rf3 Rh5 51. Re3 Rh1+ 52. Kd2 Rc1 53. Rg3 Rc2+ 54. Kd1 Rxc3 55. Rg6 Rc6 56. Kd2 Kb3 57. Kd3 Kb4 58. Kd4 Kb5 59. Rxe6 Rxe6 60. Kxd5 Re8 61. Kd6 Kb6 62. e6 Rd8+ 63. Ke7 Kc7 64. Kf7 Kd6 0-1